[Event "Club 608 Online 1 - Open B (-1600)"]
[Date "2021.04.10"]
[Round "1.1"]
[White "Suffert, Martin"]
[Black "Poirier, Luc"]
[Result "1/2-1/2"]
[BlackElo "1549"]
[WhiteElo "1226"]

{Clock started by White.} 1. e4 {[%clk 0:50:08.9]} d6 {[%clk 0:50:07.0]} 2. Nf3 {[%clk 0:50:16.4]} g6 {[%clk 0:50:14.5]} 3. d4 {[%clk 0:50:07.4]} Bg7 {[%clk 0:50:11.4]} 4. Bc4 {[%clk 0:50:01.7]} Nf6 {[%clk 0:50:18.7]} 5. Nc3 {[%clk 0:49:58.2]} 0-0 {[%clk 0:50:21.7]} 6. 0-0 {[%clk 0:50:05.6]} Nxe4 {[%clk 0:50:16.5]} 7. Nxe4 {[%clk 0:49:58.6]} d5 {[%clk 0:50:16.7]} 8. Bxd5 {[%clk 0:49:31.6]} Qxd5 {[%clk 0:50:19.5]} 9. Nc3 {[%clk 0:49:40.2]} Qd8 {[%clk 0:50:24.3]} 10. Re1 {[%clk 0:49:43.4]} c6 {[%clk 0:50:18.8]} 11. h3 {[%clk 0:49:39.2]} Nd7 {[%clk 0:50:16.2]} 12. Bg5 {[%clk 0:49:26.6]} Nf6 {[%clk 0:49:57.0]} 13. Ne4 {[%clk 0:48:56.1]} Re8 {[%clk 0:49:17.4]} 14. c3 {[%clk 0:48:32.2]} Nxe4 {[%clk 0:49:02.4]} 15. Rxe4 {[%clk 0:48:32.8]} Bf5 {[%clk 0:49:09.1]} 16. Re2 {[%clk 0:48:19.0]} h6 {[%clk 0:49:04.0]} 17. Be3 {[%clk 0:47:09.5]} Qb6 {[%clk 0:48:33.2]} 18. Qd2 {[%clk 0:46:42.6]} Rad8 {[%clk 0:48:28.8]} 19. Bxh6 {[%clk 0:46:25.8]} c5 {[%clk 0:47:49.9]} 20. Bxg7 {[%clk 0:46:17.6]} Kxg7 {[%clk 0:47:38.6]} 21. Qf4 {[%clk 0:45:53.2]} Qb5 {[%clk 0:47:37.1]} 22. Rae1 {[%clk 0:45:34.0]} Rd7 {[%clk 0:47:20.3]} 23. Qe5+ {[%clk 0:45:27.7]} f6 {[%clk 0:47:23.4]} 24. Qxc5 {[%clk 0:45:12.5]} Qxc5 {[%clk 0:47:07.2]} 25. dxc5 {[%clk 0:45:17.4]} Bd3 {[%clk 0:45:52.7]} 26. Rd2 {[%clk 0:45:02.2]} Bb5 {[%clk 0:45:59.4]} 27. Rxd7 {[%clk 0:44:15.5]} Bxd7 {[%clk 0:46:06.7]} 28. Nd4 {[%clk 0:43:47.0]} Kf7 {[%clk 0:46:12.0]} 29. Rd1 {[%clk 0:43:20.5]} Rc8 {[%clk 0:46:13.8]} 30. b4 {[%clk 0:43:16.3]} b6 {[%clk 0:46:22.5]} 31. cxb6 {[%clk 0:43:06.3]} axb6 {[%clk 0:46:29.1]} 32. Rd3 {[%clk 0:42:26.7]} e5 {[%clk 0:46:29.5]} 33. Ne2 {[%clk 0:41:31.9]} Bb5 {[%clk 0:46:31.9]} 34. Re3 {[%clk 0:40:32.0]} Bxe2 {[%clk 0:46:29.8]} 35. Rxe2 {[%clk 0:40:37.9]} Rxc3 {[%clk 0:46:37.8]} 36. Re3 {[%clk 0:40:35.1]} Rc2 {[%clk 0:46:40.4]} 37. a3 {[%clk 0:40:41.0]} Ke7 {[%clk 0:46:36.4]} 38. Kf1 {[%clk 0:40:48.5]} Ke6 {[%clk 0:46:30.4]} 39. f4 {[%clk 0:40:09.1]} Ra2 {[%clk 0:46:25.1]} 40. fxe5 {[%clk 0:39:47.7]} fxe5 {[%clk 0:46:32.6]} 41. Rg3 {[%clk 0:39:25.2]} Kf5 {[%clk 0:46:27.0]} 42. Rc3 {[%clk 0:38:55.9]} b5 {[%clk 0:46:30.2]} 43. Rc5 {[%clk 0:38:53.1]} Rxa3 {[%clk 0:46:37.6]} 44. Rxb5 {[%clk 0:39:01.3]} Rb3 {[%clk 0:46:44.2]} 45. Rb8 {[%clk 0:39:04.0]} Rb2 {[%clk 0:46:38.4]} 46. b5 {[%clk 0:39:03.0]} e4 {[%clk 0:46:46.1]} 47. b6 {[%clk 0:39:10.4]} Kf6 {[%clk 0:46:50.8]} 48. Re8 {[%clk 0:38:46.9]} Rxb6 {[%clk 0:46:48.0]} 49. Rxe4 {[%clk 0:38:52.5]} g5 {[%clk 0:46:54.7]} 50. Kf2 {[%clk 0:38:52.6]} Rb3 {[%clk 0:47:01.5]} 51. Re3 {[%clk 0:38:58.5]} Rb2+ {[%clk 0:47:07.3]} 52. Kg3 {[%clk 0:39:04.8]} Kf5 {[%clk 0:47:13.5]} 53. Rf3+ {[%clk 0:39:01.2]} Kg6 {[%clk 0:47:20.9]} 54. Rf2 {[%clk 0:38:54.2]} Rb3+ {[%clk 0:47:26.3]} 55. Rf3 {[%clk 0:38:53.0]} Rb4 {[%clk 0:47:32.5]} 56. Ra3 {[%clk 0:38:48.8]} Rh4 {[%clk 0:47:32.2]} 57. Ra6+ {[%clk 0:38:37.8]} Kf5 {[%clk 0:47:38.9]} 58. Ra5+ {[%clk 0:38:35.9]} Kg6 {[%clk 0:47:46.2]} 59. Ra8 {[%clk 0:37:22.3]} Rb4 {[%clk 0:47:19.1]} 60. Rg8+ {[%clk 0:37:14.0]} Kf6 {[%clk 0:47:25.7]} 61. Rf8+ {[%clk 0:37:11.9]} Kg7 {[%clk 0:47:32.9]} 62. Rf3 {[%clk 0:37:08.0]} Kg6 {[%clk 0:47:38.5] White offered a draw.} {Agreed a Draw} 1/2-1/2

[Event "Club 608 Online 1 - Open A (-2200)"]
[Date "2021.04.10"]
[Round "1.1"]
[White "Gherghinoiu, Lucas"]
[Black "Raux, Samuel"]
[Result "1-0"]
[BlackElo "1761"]
[Termination "time forfeit"]
[WhiteElo "2096"]

{Clock started by Black.} 1. e4 {[%clk 0:50:07.1]} c5 {[%clk 0:50:06.1]} 2. Nf3 {[%clk 0:50:08.8]} g6 {[%clk 0:50:08.1]} 3. d4 {[%clk 0:50:14.6]} cxd4 {[%clk 0:50:13.4]} 4. Nxd4 {[%clk 0:50:17.2]} Nc6 {[%clk 0:50:19.3]} 5. c4 {[%clk 0:49:58.0]} Nf6 {[%clk 0:47:57.9]} 6. Nc3 {[%clk 0:48:51.5]} d6 {[%clk 0:46:07.1]} 7. Be2 {[%clk 0:47:21.2]} Nxd4 {[%clk 0:45:56.6]} 8. Qxd4 {[%clk 0:47:24.5]} Bg7 {[%clk 0:46:00.8]} 9. 0-0 {[%clk 0:46:11.6]} 0-0 {[%clk 0:46:03.9]} 10. Qd1 {[%clk 0:44:43.0]} Be6 {[%clk 0:43:50.3]} 11. Qb3 {[%clk 0:39:23.6]} Nd7 {[%clk 0:32:35.7]} 12. Be3 {[%clk 0:33:17.9]} Nc5 {[%clk 0:30:45.4]} 13. Qc2 {[%clk 0:30:28.0]} Rc8 {[%clk 0:24:53.5]} 14. f3 {[%clk 0:27:06.1]} a6 {[%clk 0:21:57.3]} 15. Qd2 {[%clk 0:20:59.7]} a5 {[%clk 0:15:55.1]} 16. Rac1 {[%clk 0:18:13.0]} Re8 {[%clk 0:11:43.6]} 17. Rfd1 {[%clk 0:15:23.5]} a4 {[%clk 0:09:35.5]} 18. Nb5 {[%clk 0:12:55.2]} f5 {[%clk 0:08:08.6]} 19. exf5 {[%clk 0:10:37.8]} Bxf5 {[%clk 0:08:09.6]} 20. Nd4 {[%clk 0:09:37.1]} Bd7 {[%clk 0:07:11.9]} 21. Qb4 {[%clk 0:09:20.8]} e5 {[%clk 0:04:52.5]} 22. Nb5 {[%clk 0:08:08.9]} Bxb5 {[%clk 0:04:03.5]} 23. cxb5 {[%clk 0:07:34.4]} Qe7 {[%clk 0:03:30.5]} 24. Qc4+ {[%clk 0:05:03.9]} Kh8 {[%clk 0:03:33.2]} 25. Qd5 {[%clk 0:04:26.7]} e4 {[%clk 0:01:37.5]} 26. Bd4 {[%clk 0:02:57.7]} Nd3 {[%clk 0:01:01.6]} 27. Rxc8 {[%clk 0:01:50.3]} Rxc8 {[%clk 0:00:59.9]} 28. Bxg7+ {[%clk 0:01:26.5]} Kxg7 {[%clk 0:00:37.9]} 29. Bxd3 {[%clk 0:01:17.7]} exd3 {[%clk 0:00:30.5]} 30. Qxd3 {[%clk 0:01:21.8]} {Black Loss on Time} 1-0

[Event "Club 608 Online 1 - Open C (-1200)"]
[Date "2021.04.10"]
[Round "1.1"]
[White "Decaure--Gonzalez, Rodrigue"]
[Black "Chatenay, Rémi"]
[Result "0-1"]
[BlackElo "1199"]
[WhiteElo "1009"]

1. e3 {[%clk 0:50:10.0]} d5 {[%clk 0:49:23.2]} 2. Nf3 {[%clk 0:50:14.3]} Bg4 {[%clk 0:49:08.3]} 3. Bb5+ {[%clk 0:50:12.8]} c6 {[%clk 0:48:53.0]} 4. Ba4 {[%clk 0:50:17.0] Black stopped clock for 840 seconds. Black stopped clock for 200 seconds.} Bxf3 {[%clk 0:48:20.9]} 5. Qxf3 {[%clk 0:50:21.2]} e5 {[%clk 0:48:01.2]} 6. e4 {[%clk 0:49:56.7]} Nd7 {[%clk 0:47:51.4]} 7. exd5 {[%clk 0:49:54.2]} cxd5 {[%clk 0:47:53.9]} 8. Qxd5 {[%clk 0:50:00.3]} Nf6 {[%clk 0:47:45.9]} 9. Qxb7 {[%clk 0:50:04.4]} Bd6 {[%clk 0:47:16.4]} 10. 0-0 {[%clk 0:49:51.6]} 0-0 {[%clk 0:47:14.5]} 11. Bc6 {[%clk 0:49:42.2]} Nb6 {[%clk 0:44:04.2]} 12. b3 {[%clk 0:48:33.0]} Qc8 {[%clk 0:44:08.0]} 13. Bf3 {[%clk 0:46:19.0]} e4 {[%clk 0:43:15.6]} 14. Bxe4 {[%clk 0:46:19.8]} Be5 {[%clk 0:43:22.2]} 15. c3 {[%clk 0:45:25.0]} Qc7 {[%clk 0:41:20.3]} 16. d4 {[%clk 0:43:44.6]} Nxe4 {[%clk 0:37:27.3]} 17. Qxe4 {[%clk 0:43:45.5]} Bxh2+ {[%clk 0:37:32.8]} 18. Kh1 {[%clk 0:43:27.6]} Rae8 {[%clk 0:36:37.8]} 19. Qg4 {[%clk 0:43:22.9]} Re6 {[%clk 0:34:04.7]} 20. c4 {[%clk 0:43:16.3]} Rfe8 {[%clk 0:33:13.5]} 21. Nd2 {[%clk 0:43:20.0]} Rh6 {[%clk 0:30:04.3]} 22. Nf3 {[%clk 0:43:09.7]} Bf4+ {[%clk 0:27:50.6]} 23. Kg1 {[%clk 0:42:51.9]} Bh2+ {[%clk 0:27:57.6]} 24. Kh1 {[%clk 0:42:49.2]} Bf4+ {[%clk 0:27:31.8]} 25. Nh4 {[%clk 0:42:53.9]} Re4 {[%clk 0:24:05.7]} 26. g3 {[%clk 0:42:47.7]} Bxg3 {[%clk 0:23:15.7]} 27. Qxe4 {[%clk 0:39:50.8]} Rxh4+ {[%clk 0:22:59.3]} 28. Qxh4 {[%clk 0:39:19.1] White offered a draw.} Bxh4 {[%clk 0:22:52.5]} {White Resigned} 0-1

[Event "Club 608 Online 1 - Open B (-1600)"]
[Date "2021.04.10"]
[Round "1.2"]
[White "Yastrebov, Andrey"]
[Black "Tu, Léonie"]
[Result "1-0"]
[BlackElo "1217"]
[WhiteCountry "FRA"]
[WhiteElo "1442"]
[WhiteFideId "551041936"]

{Clock started by White.} 1. Nf3 {[%clk 0:50:05.8]} Nc6 {[%clk 0:49:28.4]} 2. g3 {[%clk 0:49:55.4]} e5 {[%clk 0:47:59.0]} 3. d3 {[%clk 0:49:29.1]} d5 {[%clk 0:47:07.3]} 4. Bg2 {[%clk 0:49:11.1]} Nf6 {[%clk 0:46:42.7]} 5. 0-0 {[%clk 0:48:38.7]} Bd6 {[%clk 0:45:32.0]} 6. Bg5 {[%clk 0:48:10.5]} h6 {[%clk 0:45:03.2]} 7. Bxf6 {[%clk 0:48:08.1]} Qxf6 {[%clk 0:44:50.8]} 8. Nc3 {[%clk 0:48:08.2]} Be6 {[%clk 0:43:59.7]} 9. Nd2 {[%clk 0:46:52.3]} d4 {[%clk 0:39:56.8]} 10. Nb5 {[%clk 0:46:01.4]} 0-0 {[%clk 0:36:21.9]} 11. Ne4 {[%clk 0:45:07.3]} Qe7 {[%clk 0:35:44.0]} 12. Nbxd6 {[%clk 0:45:01.4]} cxd6 {[%clk 0:35:34.6]} 13. c4 {[%clk 0:43:51.1]} d5 {[%clk 0:34:08.0]} 14. cxd5 {[%clk 0:42:02.2]} Bxd5 {[%clk 0:32:49.9]} 15. Nf6+ {[%clk 0:41:09.0]} Qxf6 {[%clk 0:32:32.2]} 16. Bxd5 {[%clk 0:41:13.1]} Rac8 {[%clk 0:31:55.6]} 17. Qb3 {[%clk 0:40:25.9]} b6 {[%clk 0:31:00.8]} 18. Rfc1 {[%clk 0:39:35.4]} Rfd8 {[%clk 0:29:40.8]} 19. Bg2 {[%clk 0:39:13.2]} Rd7 {[%clk 0:28:54.2]} 20. Bh3 {[%clk 0:39:04.4]} Rdc7 {[%clk 0:26:45.9]} 21. Bxc8 {[%clk 0:39:02.4]} Rxc8 {[%clk 0:26:49.6]} 22. Rc2 {[%clk 0:38:52.9]} Re8 {[%clk 0:26:02.5]} 23. Qa4 {[%clk 0:38:42.9]} Re6 {[%clk 0:25:07.1]} 24. Rac1 {[%clk 0:38:44.7]} Ne7 {[%clk 0:24:52.4]} 25. Qxa7 {[%clk 0:37:49.8]} e4 {[%clk 0:23:43.8]} 26. dxe4 {[%clk 0:37:45.1]} Rxe4 {[%clk 0:23:37.7]} 27. Qa8+ {[%clk 0:37:45.3]} Kh7 {[%clk 0:22:08.9]} 28. Qxe4+ {[%clk 0:37:44.2]} g6 {[%clk 0:22:09.2]} 29. Rc7 {[%clk 0:37:48.0]} Nf5 {[%clk 0:21:54.5]} 30. R1c6 {[%clk 0:37:45.6]} Qg7 {[%clk 0:21:22.4]} 31. Qd5 {[%clk 0:37:46.0]} Kg8 {[%clk 0:20:57.0]} 32. Rc8+ {[%clk 0:37:39.3]} Kh7 {[%clk 0:21:03.4]} 33. R6c7 {[%clk 0:37:42.2]} Qf6 {[%clk 0:20:34.5]} 34. Rxf7+ {[%clk 0:37:45.1]} Qg7 {[%clk 0:20:28.8]} 35. Rxg7+ {[%clk 0:37:51.3]} Nxg7 {[%clk 0:20:27.0]} 36. Qg8# {[%clk 0:37:57.7]} 1-0

[Event "Club 608 Online 1 - Open A (-2200)"]
[Date "2021.04.10"]
[Round "1.2"]
[White "Dalibert, Anthony"]
[Black "Delin, Valère"]
[Result "0-1"]
[BlackElo "2049"]
[WhiteElo "1726"]

{Clock started by Black.} 1. d4 {[%clk 0:50:07.9]} Nf6 {[%clk 0:50:06.4]} 2. c4 {[%clk 0:50:14.1]} g6 {[%clk 0:50:14.8]} 3. Nc3 {[%clk 0:50:19.4]} d5 {[%clk 0:50:20.2]} 4. cxd5 {[%clk 0:50:18.9]} Nxd5 {[%clk 0:50:28.4]} 5. Bd2 {[%clk 0:50:26.5]} Bg7 {[%clk 0:50:31.7]} 6. e4 {[%clk 0:50:28.9]} Nxc3 {[%clk 0:49:41.8]} 7. Bxc3 {[%clk 0:50:35.4]} 0-0 {[%clk 0:49:49.6]} 8. Qd2 {[%clk 0:50:18.6]} b6 {[%clk 0:48:04.3]} 9. Nf3 {[%clk 0:48:39.3]} Bb7 {[%clk 0:48:04.7]} 10. Bd3 {[%clk 0:47:51.1]} Nd7 {[%clk 0:47:54.2]} 11. 0-0 {[%clk 0:47:07.8]} e6 {[%clk 0:47:24.8]} 12. Qe2 {[%clk 0:45:06.0]} c5 {[%clk 0:42:47.1]} 13. Rfd1 {[%clk 0:44:05.7]} Qe7 {[%clk 0:40:18.0]} 14. Rac1 {[%clk 0:42:38.2]} Rfd8 {[%clk 0:38:30.0]} 15. Bb1 {[%clk 0:40:39.8]} Rac8 {[%clk 0:35:58.0]} 16. h3 {[%clk 0:34:30.8]} cxd4 {[%clk 0:32:03.8]} 17. Bxd4 {[%clk 0:33:07.1]} Rxc1 {[%clk 0:31:17.0]} 18. Rxc1 {[%clk 0:33:10.5]} Bxd4 {[%clk 0:31:24.2]} 19. Nxd4 {[%clk 0:33:10.2]} Nc5 {[%clk 0:31:25.7]} 20. Nf3 {[%clk 0:31:24.7]} Qd6 {[%clk 0:24:57.2]} 21. Qe3 {[%clk 0:23:49.3]} a5 {[%clk 0:22:12.9]} 22. Qh6 {[%clk 0:21:03.2]} Qe7 {[%clk 0:21:11.9]} 23. Qe3 {[%clk 0:20:22.0]} Ba6 {[%clk 0:19:14.7]} 24. b3 {[%clk 0:15:23.8]} Bd3 {[%clk 0:16:23.3]} 25. Bxd3 {[%clk 0:11:48.2]} Rxd3 {[%clk 0:16:13.5]} 26. Qe2 {[%clk 0:10:37.7]} Qd8 {[%clk 0:15:13.8]} 27. Re1 {[%clk 0:09:02.4]} Kg7 {[%clk 0:13:30.5]} 28. b4 {[%clk 0:07:56.3]} axb4 {[%clk 0:12:50.8]} 29. Qb2+ {[%clk 0:08:01.2]} Qf6 {[%clk 0:12:40.6]} 30. Qxb4 {[%clk 0:07:57.6]} Rxf3 {[%clk 0:10:34.9]} 31. gxf3 {[%clk 0:07:04.0]} Nd3 {[%clk 0:10:38.4]} 32. Qd2 {[%clk 0:06:52.2]} Nxe1 {[%clk 0:10:44.6]} 33. Qxe1 {[%clk 0:06:58.4]} Qxf3 {[%clk 0:10:49.7]} 34. Kh2 {[%clk 0:06:32.3]} Qf4+ {[%clk 0:10:50.0]} 35. Kg2 {[%clk 0:06:15.0]} Qg5+ {[%clk 0:10:44.0]} 36. Kh2 {[%clk 0:05:29.3]} Qe5+ {[%clk 0:10:43.9]} 37. Kg2 {[%clk 0:05:30.6]} f5 {[%clk 0:09:21.8]} 38. f3 {[%clk 0:03:30.2]} Qb2+ {[%clk 0:08:25.6]} 39. Kg3 {[%clk 0:03:19.7]} Qe5+ {[%clk 0:07:17.2]} 40. Kg2 {[%clk 0:03:05.7]} f4 {[%clk 0:06:56.2]} 41. Qb4 {[%clk 0:02:31.5]} Qg5+ {[%clk 0:06:17.7]} 42. Kh1 {[%clk 0:02:18.8]} Qg3 {[%clk 0:06:12.3]} 43. Qxb6 {[%clk 0:01:43.1]} Qxh3+ {[%clk 0:06:07.9]} 44. Kg1 {[%clk 0:01:49.0]} Qg3+ {[%clk 0:06:16.8]} 45. Kh1 {[%clk 0:01:48.7]} Qxf3+ {[%clk 0:06:25.3]} 46. Kg1 {[%clk 0:01:09.7]} Qg3+ {[%clk 0:04:14.9]} 47. Kf1 {[%clk 0:01:13.0]} Qd3+ {[%clk 0:04:17.6]} 48. Kg1 {[%clk 0:01:14.4]} Kf6 {[%clk 0:03:10.5]} 49. Qb2+ {[%clk 0:01:06.0]} e5 {[%clk 0:02:55.8]} 50. Qb6+ {[%clk 0:00:36.4]} Kg5 {[%clk 0:03:01.4]} 51. Qa5 {[%clk 0:00:19.7]} Qd4+ {[%clk 0:02:40.4]} 52. Kf1 {[%clk 0:00:26.6]} Kg4 {[%clk 0:02:34.3]} 53. a4 {[%clk 0:00:18.3]} h5 {[%clk 0:02:35.4]} 54. Qb5 {[%clk 0:00:19.4]} Qd1+ {[%clk 0:02:34.6]} 55. Kf2 {[%clk 0:00:21.1]} Qf3+ {[%clk 0:02:40.3]} 56. Ke1 {[%clk 0:00:19.5]} h4 {[%clk 0:01:57.0]} 57. a5 {[%clk 0:00:23.6]} h3 {[%clk 0:02:02.1]} 58. Qd7+ {[%clk 0:00:17.7]} Kg3 {[%clk 0:02:05.3]} 59. a6 {[%clk 0:00:19.8]} Qxe4+ {[%clk 0:02:09.6]} 60. Kd2 {[%clk 0:00:21.4]} h2 {[%clk 0:02:08.5]} 61. a7 {[%clk 0:00:15.8]} h1=Q {[%clk 0:02:08.3]} {White Resigned} 0-1

[Event "Club 608 Online 1 - Open C (-1200)"]
[Date "2021.04.10"]
[Round "1.2"]
[White "Pablo, Aubert"]
[Black "Dergham, Leo"]
[Result "1-0"]
[BlackElo "1009"]
[WhiteElo "1199"]

{Clock started by White.} 1. e4 {[%clk 0:50:06.5]} e5 {[%clk 0:50:05.8]} 2. Nf3 {[%clk 0:50:13.2]} Nf6 {[%clk 0:50:13.5]} 3. Nxe5 {[%clk 0:50:17.8]} Nxe4 {[%clk 0:50:18.6]} 4. Qe2 {[%clk 0:50:20.3]} d5 {[%clk 0:50:22.2]} 5. d3 {[%clk 0:49:34.8]} Nd7 {[%clk 0:50:26.2]} 6. dxe4 {[%clk 0:47:37.7]} Nxe5 {[%clk 0:50:28.9]} 7. exd5 {[%clk 0:43:52.9]} Qxd5 {[%clk 0:50:32.7]} 8. Nc3 {[%clk 0:43:49.6]} Qd6 {[%clk 0:50:29.9]} 9. f4 {[%clk 0:41:53.3]} Bf5 {[%clk 0:50:20.9]} 10. fxe5 {[%clk 0:39:48.6]} Qd7 {[%clk 0:50:24.9]} 11. Bf4 {[%clk 0:36:13.5]} Be7 {[%clk 0:50:30.2]} 12. Qd2 {[%clk 0:34:33.5]} Qxd2+ {[%clk 0:50:34.2]} 13. Bxd2 {[%clk 0:34:38.5]} 0-0 {[%clk 0:50:40.7]} 14. 0-0-0 {[%clk 0:34:42.1]} Bg4 {[%clk 0:50:45.6]} 15. Re1 {[%clk 0:34:24.2]} Bh4 {[%clk 0:50:49.0]} 16. Re4 {[%clk 0:33:27.0]} Bg5 {[%clk 0:50:52.5]} 17. Bxg5 {[%clk 0:33:11.0]} Bf5 {[%clk 0:50:58.6]} 18. Re1 {[%clk 0:31:51.1]} h6 {[%clk 0:51:00.7]} 19. Bd2 {[%clk 0:30:18.3]} a6 {[%clk 0:50:54.5] Black offered a draw.} 20. a4 {[%clk 0:28:45.8]} c6 {[%clk 0:50:57.4]} 21. a5 {[%clk 0:28:25.6]} b5 {[%clk 0:51:02.9]} 22. axb6 {[%clk 0:28:33.6]} Rab8 {[%clk 0:51:04.9]} 23. Be3 {[%clk 0:27:54.4]} f6 {[%clk 0:51:02.2]} 24. e6 {[%clk 0:27:37.3]} Bxe6 {[%clk 0:51:07.1]} 25. Bc5 {[%clk 0:27:43.0]} Rfe8 {[%clk 0:51:12.3]} 26. Bc4 {[%clk 0:27:22.7]} Bxc4 {[%clk 0:51:15.4]} 27. Rxe8+ {[%clk 0:27:26.5]} Rxe8 {[%clk 0:51:18.6]} 28. b7 {[%clk 0:27:25.8]} Be6 {[%clk 0:51:12.4]} 29. Bd6 {[%clk 0:27:16.5]} Rd8 {[%clk 0:51:13.5]} 30. Re1 {[%clk 0:27:07.8]} Bd5 {[%clk 0:51:14.0]} 31. Re7 {[%clk 0:25:34.0]} c5 {[%clk 0:51:18.9]} 32. Nxd5 {[%clk 0:25:38.5]} Rxd6 {[%clk 0:51:23.6]} 33. b8=Q+ {[%clk 0:25:43.9]} Kh7 {[%clk 0:51:13.1]} 34. Qxd6 {[%clk 0:25:45.5]} {Black Resigned} 1-0

[Event "Club 608 Online 1 - Open A (-2200)"]
[Date "2021.04.10"]
[Round "1.3"]
[White "Matsumura, Cocoro"]
[Black "Samy, Laouamri"]
[Result "1-0"]
[BlackCountry "FRA"]
[BlackElo "1715"]
[BlackFideId "36044253"]
[WhiteElo "1924"]

{Clock started by White.} 1. e4 {[%clk 0:50:08.7]} e5 {[%clk 0:50:07.5]} 2. Nf3 {[%clk 0:50:17.0]} Nc6 {[%clk 0:50:13.3]} 3. Bb5 {[%clk 0:50:25.2]} a6 {[%clk 0:50:18.6]} 4. Ba4 {[%clk 0:50:32.8]} d6 {[%clk 0:50:01.6]} 5. d4 {[%clk 0:50:17.4]} b5 {[%clk 0:47:06.1]} 6. Bb3 {[%clk 0:50:22.6]} Bg4 {[%clk 0:44:14.5]} 7. dxe5 {[%clk 0:48:13.8]} Nxe5 {[%clk 0:43:11.5]} 8. Nxe5 {[%clk 0:47:34.8]} Bxd1 {[%clk 0:42:15.7]} 9. Bxf7+ {[%clk 0:47:39.2]} Ke7 {[%clk 0:42:22.3]} 10. Nc6+ {[%clk 0:47:29.8]} Kxf7 {[%clk 0:42:26.5]} 11. Nxd8+ {[%clk 0:47:37.9]} Rxd8 {[%clk 0:42:24.0]} 12. Kxd1 {[%clk 0:47:46.0]} Nf6 {[%clk 0:39:55.7]} 13. f3 {[%clk 0:46:48.4]} d5 {[%clk 0:38:42.9]} 14. e5 {[%clk 0:46:34.2]} Nd7 {[%clk 0:38:21.0]} 15. Re1 {[%clk 0:45:26.2]} Re8 {[%clk 0:38:19.7]} 16. f4 {[%clk 0:45:22.5]} d4 {[%clk 0:33:34.5]} 17. Nd2 {[%clk 0:44:12.1]} Bb4 {[%clk 0:32:02.3]} 18. a3 {[%clk 0:42:18.0]} Ba5 {[%clk 0:31:43.6]} 19. b4 {[%clk 0:41:55.6]} Bb6 {[%clk 0:31:51.5]} 20. Nf3 {[%clk 0:41:03.3]} h6 {[%clk 0:30:12.9]} 21. f5 {[%clk 0:40:39.0]} Nb8 {[%clk 0:29:20.0]} 22. g4 {[%clk 0:36:51.7]} g6 {[%clk 0:27:25.3]} 23. e6+ {[%clk 0:35:56.2]} Kf6 {[%clk 0:24:45.8]} 24. Bf4 {[%clk 0:34:59.3]} Rhf8 {[%clk 0:18:32.8]} 25. Be5+ {[%clk 0:28:29.0]} Ke7 {[%clk 0:18:38.3]} 26. Nh4 {[%clk 0:28:34.6]} gxf5 {[%clk 0:17:31.5]} 27. Nxf5+ {[%clk 0:28:18.3]} Rxf5 {[%clk 0:15:42.2]} 28. gxf5 {[%clk 0:28:21.0]} Nc6 {[%clk 0:15:40.0]} 29. f6+ {[%clk 0:28:12.0]} Kf8 {[%clk 0:15:11.7]} 30. Bf4 {[%clk 0:28:07.5]} {Black Resigned} 1-0

[Event "Club 608 Online 1 - Open B (-1600)"]
[Date "2021.04.10"]
[Round "1.4"]
[White "Antoine, Amalric"]
[Black "Bonnet, Lucas"]
[Result "0-1"]
[BlackElo "1199"]
[WhiteElo "1439"]

{Clock started by White.} 1. c4 {[%clk 0:50:06.6]} c6 {[%clk 0:45:52.0]} 2. g3 {[%clk 0:50:12.6]} d5 {[%clk 0:45:58.9]} 3. Bg2 {[%clk 0:50:19.4]} Nf6 {[%clk 0:45:27.0]} 4. Nf3 {[%clk 0:50:20.5]} Bf5 {[%clk 0:45:27.4]} 5. 0-0 {[%clk 0:49:16.1]} e6 {[%clk 0:45:23.5]} 6. d4 {[%clk 0:42:49.7]} Bd6 {[%clk 0:44:46.8]} 7. Qb3 {[%clk 0:37:38.0]} b6 {[%clk 0:43:30.9]} 8. Nc3 {[%clk 0:34:23.6]} 0-0 {[%clk 0:42:09.7]} 9. Nh4 {[%clk 0:34:09.9]} Be4 {[%clk 0:40:31.0]} 10. f3 {[%clk 0:27:36.5]} dxc4 {[%clk 0:40:27.3]} 11. Qd1 {[%clk 0:27:07.9]} Bg6 {[%clk 0:39:38.8]} 12. Nxg6 {[%clk 0:27:13.1]} fxg6 {[%clk 0:39:44.5]} 13. e4 {[%clk 0:27:12.6]} e5 {[%clk 0:35:38.8]} 14. d5 {[%clk 0:23:52.6]} Bc5+ {[%clk 0:35:02.8]} 15. Kh1 {[%clk 0:23:45.5]} Bd4 {[%clk 0:34:28.1]} 16. Ne2 {[%clk 0:19:24.3]} Bc5 {[%clk 0:32:18.8]} 17. Qc2 {[%clk 0:18:39.5]} cxd5 {[%clk 0:31:30.7]} 18. exd5 {[%clk 0:18:47.3]} Qxd5 {[%clk 0:30:33.6]} 19. Rd1 {[%clk 0:18:12.8]} Qe6 {[%clk 0:29:38.7]} 20. f4 {[%clk 0:18:08.1]} e4 {[%clk 0:29:11.0]} 21. Nc3 {[%clk 0:16:37.2]} Re8 {[%clk 0:27:38.1]} 22. Nb5 {[%clk 0:14:44.1]} Na6 {[%clk 0:24:57.6]} 23. Bf1 {[%clk 0:13:26.7]} Nb4 {[%clk 0:19:29.6]} 24. Qc3 {[%clk 0:13:10.2]} Nd3 {[%clk 0:18:06.7]} 25. Kg2 {[%clk 0:11:03.5]} Qg4 {[%clk 0:14:52.4]} 26. Qxc4+ {[%clk 0:09:13.7]} Kh8 {[%clk 0:14:16.5]} 27. Rxd3 {[%clk 0:07:55.8]} exd3 {[%clk 0:14:06.7]} 28. Qxd3 {[%clk 0:08:01.8]} Rad8 {[%clk 0:13:40.9]} 29. Qc3 {[%clk 0:04:38.4]} Nd5 {[%clk 0:11:01.8]} 30. Qf3 {[%clk 0:04:42.3]} Ne3+ {[%clk 0:10:46.5]} 31. Bxe3 {[%clk 0:04:41.0]} Qxf3+ {[%clk 0:10:49.5]} 32. Kxf3 {[%clk 0:04:48.3]} Rxe3+ {[%clk 0:10:56.5]} 33. Kg2 {[%clk 0:04:53.4]} Rd2+ {[%clk 0:10:56.9]} 34. Kh1 {[%clk 0:04:51.5]} Rxb2 {[%clk 0:09:38.3]} 35. Rd1 {[%clk 0:04:56.6]} h5 {[%clk 0:08:57.3]} 36. Bc4 {[%clk 0:05:02.4]} Rb4 {[%clk 0:06:42.7]} 37. Rd8+ {[%clk 0:04:46.7]} Kh7 {[%clk 0:06:39.8]} 38. Bg8+ {[%clk 0:04:41.8]} Kh6 {[%clk 0:06:34.8]} 39. Bc4 {[%clk 0:04:48.9]} g5 {[%clk 0:04:14.2]} 40. Bf7 {[%clk 0:04:00.5]} Re1+ {[%clk 0:02:40.6]} 41. Kg2 {[%clk 0:04:06.2]} Rb2+ {[%clk 0:02:46.4]} 42. Kf3 {[%clk 0:02:52.6]} g4# {[%clk 0:02:46.8]} 0-1